000 00276nam a2200109Ia 4500
008 220216s9999 xx 000 0 und d
245 0 _aPioneers in rubber industry
260 _bRubber Asia 20th Anniversary Issue
300 _a25-31
650 _aRubber industry
942 _cJS
999 _c65059
_d65059